000
00288nam a2200109Ia 4500
008
190216s9999||||xx |||||||||||||| ||und||
100
_a
Vasudevan & Ghosh
245
0
_a
Simple Study Of Business Administration And Management
260
_b
New Heights
_c
1979
300
_a
80p
942
_c
BK
999
_c
4155
_d
4155